[Event "DVM U10 2020"]
[Site "Magdeburg GER"]
[Date "2021.08.07"]
[Round "5"]
[White "Rempe, Lennik"]
[Black "Franzky, Julian"]
[Result "0-1"]
[Termination "normal"]
[Board "2.3"]
[WhiteElo "1086"]
[BlackElo "1266"]
[WhiteClock "00:03:02"]
[BlackClock "00:12:13"]
[WhiteTeam "SK Doppelbauer Kiel"]
[BlackTeam "TV Tegernsee"]
[PlyCount "124"]
[WhiteFideId "16248031"]
[BlackFideId "16291603"]
[EventCountry "GER"]
[EventRounds "7"]
[EventType "team-swiss"]
[EventDate "2021.08.06"]

1. e4 {[%clk 00:55:05]} {[%emt 00:00:02]} e5 {[%clk 00:55:10]} {[%emt
00:00:03]} 2. Nf3 {[%clk 00:55:05]} {[%emt 00:00:06]} Nc6 {[%clk 00:55:11]}
{[%emt 00:00:03]} 3. Nc3 {[%clk 00:55:05]} {[%emt 00:00:05]} Nf6 {[%clk
00:55:03]} {[%emt 00:00:13]} 4. Bb5 {[%clk 00:54:20]} {[%emt 00:01:00]} Nd4
{[%clk 00:54:20]} {[%emt 00:00:48]} 5. Nxd4 {[%clk 00:54:12]} {[%emt 00:00:40]}
exd4 {[%clk 00:54:04]} {[%emt 00:00:21]} 6. Nd5 {[%clk 00:54:10]} {[%emt
00:00:06]} Nxd5 {[%clk 00:52:48]} {[%emt 00:01:22]} 7. exd5 {[%clk 00:54:08]}
{[%emt 00:00:07]} c6 {[%clk 00:51:20]} {[%emt 00:01:33]} 8. dxc6 {[%clk
00:53:59]} {[%emt 00:00:14]} dxc6 {[%clk 00:51:15]} {[%emt 00:00:10]} 9. Bc4
{[%clk 00:53:40]} {[%emt 00:00:24]} Bc5 {[%clk 00:49:29]} {[%emt 00:01:51]} 10.
O-O {[%clk 00:53:19]} {[%emt 00:00:26]} O-O {[%clk 00:48:43]} {[%emt 00:00:51]}
11. d3 {[%clk 00:52:54]} {[%emt 00:00:29]} Qf6 {[%clk 00:46:05]} {[%emt
00:02:44]} 12. Bd2 {[%clk 00:49:03]} {[%emt 00:03:56]} Qg6 {[%clk 00:42:54]}
{[%emt 00:03:13]} 13. Qf3 {[%clk 00:47:00]} {[%emt 00:02:11]} Bg4 {[%clk
00:39:29]} {[%emt 00:03:30]} 14. Qg3 {[%clk 00:44:51]} {[%emt 00:02:14]} a5
{[%clk 00:38:04]} {[%emt 00:01:30]} 15. h3 {[%clk 00:41:14]} {[%emt 00:03:42]}
Bf5 {[%clk 00:37:17]} {[%emt 00:00:47]} 16. Qxg6 {[%clk 00:41:06]} {[%emt
00:00:18]} Bxg6 {[%clk 00:36:57]} {[%emt 00:00:26]} 17. a3 {[%clk 00:39:49]}
{[%emt 00:01:21]} b5 {[%clk 00:31:13]} {[%emt 00:03:11]} 18. b4 {[%clk
00:39:34]} {[%emt 00:02:58]} bxc4 {[%clk 00:30:14]} {[%emt 00:01:03]} 19. bxc5
{[%clk 00:39:25]} {[%emt 00:00:15]} cxd3 {[%clk 00:30:09]} {[%emt 00:00:11]}
20. f4 {[%clk 00:37:02]} {[%emt 00:02:27]} Be4 {[%clk 00:28:04]} {[%emt
00:02:09]} 21. Rae1 {[%clk 00:34:34]} {[%emt 00:02:33]} Rfe8 {[%clk 00:27:18]}
{[%emt 00:00:52]} 22. cxd3 {[%clk 00:34:03]} {[%emt 00:00:36]} Bxd3 {[%clk
00:26:18]} {[%emt 00:01:06]} 23. Rxe8+ {[%clk 00:32:17]} {[%emt 00:01:50]} Rxe8
{[%clk 00:25:39]} {[%emt 00:00:43]} 24. Re1 {[%clk 00:32:18]} {[%emt 00:00:05]}
Rxe1+ {[%clk 00:25:11]} {[%emt 00:00:33]} 25. Bxe1 {[%clk 00:32:18]} {[%emt
00:00:05]} a4 {[%clk 00:25:06]} {[%emt 00:00:09]} 26. Bf2 {[%clk 00:32:10]}
{[%emt 00:00:13]} f6 {[%clk 00:24:36]} {[%emt 00:00:36]} 27. Bxd4 {[%clk
00:32:06]} {[%emt 00:00:09]} Kf7 {[%clk 00:24:20]} {[%emt 00:00:21]} 28. g3
{[%clk 00:32:07]} {[%emt 00:00:04]} Ke6 {[%clk 00:24:03]} {[%emt 00:00:22]} 29.
Kf2 {[%clk 00:30:38]} {[%emt 00:01:34]} Kd5 {[%clk 00:23:16]} {[%emt 00:00:52]}
30. Ke3 {[%clk 00:27:50]} {[%emt 00:02:51]} Kc4 {[%clk 00:22:16]} {[%emt
00:01:04]} 31. g4 {[%clk 00:25:50]} {[%emt 00:02:08]} Bf1 {[%clk 00:21:41]}
{[%emt 00:00:40]} 32. h4 {[%clk 00:24:41]} {[%emt 00:01:14]} Kb3 {[%clk
00:20:58]} {[%emt 00:00:47]} 33. g5 {[%clk 00:24:13]} {[%emt 00:00:34]} fxg5
{[%clk 00:20:44]} {[%emt 00:00:20]} 34. hxg5 {[%clk 00:24:02]} {[%emt
00:00:15]} g6 {[%clk 00:20:24]} {[%emt 00:00:26]} 35. Kd2 {[%clk 00:20:31]}
{[%emt 00:03:29]} Kxa3 {[%clk 00:19:58]} {[%emt 00:00:37]} 36. Kc2 {[%clk
00:20:03]} {[%emt 00:00:33]} Ka2 {[%clk 00:18:28]} {[%emt 00:01:35]} 37. Kc3
{[%clk 00:19:34]} {[%emt 00:00:34]} a3 {[%clk 00:17:56]} {[%emt 00:00:37]} 38.
Kc2 {[%clk 00:18:31]} {[%emt 00:01:08]} Be2 {[%clk 00:17:10]} {[%emt 00:00:51]}
39. Kd2 {[%clk 00:16:42]} {[%emt 00:01:54]} Bf3 {[%clk 00:16:20]} {[%emt
00:00:55]} 40. Kc2 {[%clk 00:16:24]} {[%emt 00:00:23]} Be4 {[%clk 00:16:19]}
{[%emt 00:00:06]} 41. Kc1 {[%clk 00:15:43]} {[%emt 00:00:41]} Kb3 {[%clk
00:16:20]} {[%emt 00:00:10]} 42. Kd2 {[%clk 00:14:55]} {[%emt 00:00:52]} a2
{[%clk 00:16:04]} {[%emt 00:00:21]} 43. Ke3 {[%clk 00:14:10]} {[%emt 00:00:45]}
Bf5 {[%clk 00:16:02]} {[%emt 00:00:12]} 44. Kd2 {[%clk 00:13:53]} {[%emt
00:00:22]} Kc4 {[%clk 00:16:01]} {[%emt 00:00:05]} 45. Ba1 {[%clk 00:13:33]}
{[%emt 00:00:25]} Kxc5 {[%clk 00:16:00]} {[%emt 00:00:06]} 46. Kc1 {[%clk
00:13:27]} {[%emt 00:00:10]} Kd5 {[%clk 00:15:55]} {[%emt 00:00:11]} 47. Be5
{[%clk 00:12:55]} {[%emt 00:00:38]} c5 {[%clk 00:15:27]} {[%emt 00:00:33]} 48.
Kb2 {[%clk 00:12:50]} {[%emt 00:00:09]} Bb1 {[%clk 00:15:28]} {[%emt 00:00:04]}
49. Kc1 {[%clk 00:12:15]} {[%emt 00:00:36]} c4 {[%clk 00:15:24]} {[%emt
00:00:14]} 50. Kb2 {[%clk 00:11:55]} {[%emt 00:00:22]} Ke4 {[%clk 00:15:20]}
{[%emt 00:00:12]} 51. Ka3 {[%clk 00:10:18]} {[%emt 00:01:40]} Ke3 {[%clk
00:15:04]} {[%emt 00:00:23]} 52. Kb4 {[%clk 00:10:08]} {[%emt 00:00:13]} Kd3
{[%clk 00:15:02]} {[%emt 00:00:09]} 53. Bf6 {[%clk 00:08:50]} {[%emt 00:01:21]}
Bc2 {[%clk 00:13:53]} {[%emt 00:01:12]} 54. Be5 {[%clk 00:06:35]} {[%emt
00:02:30]} Bb3 {[%clk 00:13:50]} {[%emt 00:00:11]} 55. Bf6 {[%clk 00:06:27]}
{[%emt 00:00:14]} Ke4 {[%clk 00:13:42]} {[%emt 00:00:13]} 56. Be5 {[%clk
00:06:19]} {[%emt 00:00:12]} a1=Q {[%clk 00:13:19]} {[%emt 00:00:28]} 57. Bxa1
{[%clk 00:06:18]} {[%emt 00:00:06]} Kxf4 {[%clk 00:13:20]} {[%emt 00:00:05]}
58. Bf6 {[%clk 00:05:29]} {[%emt 00:00:54]} Kg4 {[%clk 00:13:11]} {[%emt
00:00:14]} 59. Kc3 {[%clk 00:05:27]} {[%emt 00:00:08]} Kf5 {[%clk 00:12:33]}
{[%emt 00:00:43]} 60. Kb4 {[%clk 00:04:50]} {[%emt 00:00:57]} h6 {[%clk
00:12:18]} {[%emt 00:00:20]} 61. Bg7 {[%clk 00:03:38]} {[%emt 00:01:17]} Kxg5
{[%clk 00:12:13]} {[%emt 00:00:10]} 62. Bc3 {[%clk 00:03:02]} {[%emt 00:00:40]}
h5 {[%emt 00:01:43]} 0-1

[Event "DVM U10 2020"]
[Site "Magdeburg GER"]
[Date "2021.08.07"]
[Round "5"]
[White "Greive, Jakob"]
[Black "Charchulla, Moritz"]
[Result "1-0"]
[Termination "normal"]
[Board "2.4"]
[WhiteElo "1304"]
[BlackElo "934"]
[WhiteClock "00:24:02"]
[BlackClock "00:14:41"]
[WhiteTeam "TV Tegernsee"]
[BlackTeam "SK Doppelbauer Kiel"]
[PlyCount "91"]
[WhiteFideId "34603476"]
[BlackFideId "34607579"]
[EventCountry "GER"]
[EventRounds "7"]
[EventType "team-swiss"]
[EventDate "2021.08.06"]

1. e4 {[%clk 00:55:08]} {[%emt 00:00:02]} e5 {[%clk 00:55:04]} {[%emt
00:00:07]} 2. Nf3 {[%clk 00:55:04]} {[%emt 00:00:08]} Nc6 {[%clk 00:55:01]}
{[%emt 00:00:08]} 3. Bc4 {[%clk 00:54:54]} {[%emt 00:00:15]} Nf6 {[%clk
00:54:56]} {[%emt 00:00:11]} 4. d3 {[%clk 00:54:46]} {[%emt 00:00:13]} d6
{[%clk 00:53:51]} {[%emt 00:01:09]} 5. h3 {[%clk 00:54:21]} {[%emt 00:00:30]}
Be6 {[%clk 00:53:20]} {[%emt 00:00:37]} 6. Bb3 {[%clk 00:54:06]} {[%emt
00:00:19]} h6 {[%clk 00:52:55]} {[%emt 00:00:31]} 7. Nc3 {[%clk 00:53:42]}
{[%emt 00:00:29]} Qd7 {[%clk 00:52:18]} {[%emt 00:00:41]} 8. Be3 {[%clk
00:53:27]} {[%emt 00:00:19]} O-O-O {[%clk 00:50:57]} {[%emt 00:01:28]} 9. Qd2
{[%clk 00:53:08]} {[%emt 00:00:23]} Kb8 {[%clk 00:50:32]} {[%emt 00:00:31]} 10.
O-O-O {[%clk 00:52:44]} {[%emt 00:00:29]} Bxb3 {[%clk 00:50:14]} {[%emt
00:00:22]} 11. cxb3 {[%clk 00:52:22]} {[%emt 00:00:27]} d5 {[%clk 00:49:28]}
{[%emt 00:00:52]} 12. exd5 {[%clk 00:51:12]} {[%emt 00:01:14]} Nxd5 {[%clk
00:49:22]} {[%emt 00:00:11]} 13. Nxd5 {[%emt 00:00:44]} Qxd5 {[%emt 00:00:49]}
14. Kb1 {[%clk 00:49:02]} {[%emt 00:00:41]} Bb4 {[%clk 00:48:21]} {[%emt
00:01:07]} 15. Qc2 {[%clk 00:48:20]} {[%emt 00:00:46]} f5 {[%clk 00:45:01]}
{[%emt 00:03:26]} 16. Qc4 {[%clk 00:45:25]} {[%emt 00:02:58]} Qd6 {[%clk
00:40:15]} {[%emt 00:04:54]} 17. g3 {[%clk 00:43:00]} {[%emt 00:02:29]} g5
{[%clk 00:38:19]} {[%emt 00:02:01]} 18. d4 {[%clk 00:41:42]} {[%emt 00:01:21]}
e4 {[%clk 00:37:48]} {[%emt 00:00:39]} 19. Ne5 {[%clk 00:40:22]} {[%emt
00:01:25]} Na5 {[%clk 00:32:21]} {[%emt 00:05:33]} 20. Qe2 {[%clk 00:39:15]}
{[%emt 00:01:09]} Qf6 {[%clk 00:30:40]} {[%emt 00:01:48]} 21. Qb5 {[%clk
00:38:18]} {[%emt 00:01:02]} c5 {[%emt 00:02:32]} 22. Nd7+ {[%clk 00:37:24]}
{[%emt 00:00:56]} Rxd7 {[%clk 00:27:59]} {[%emt 00:00:22]} 23. Qxd7 {[%clk
00:36:57]} {[%emt 00:00:32]} Nc6 {[%clk 00:27:20]} {[%emt 00:00:45]} 24. d5
{[%clk 00:36:11]} {[%emt 00:00:50]} Rd8 {[%clk 00:25:11]} {[%emt 00:02:14]} 25.
Qe6 {[%clk 00:35:42]} {[%emt 00:00:34]} Qxe6 {[%clk 00:24:21]} {[%emt
00:00:55]} 26. dxe6 {[%clk 00:35:32]} {[%emt 00:00:14]} Nd4 {[%clk 00:23:10]}
{[%emt 00:01:16]} 27. e7 {[%clk 00:34:09]} {[%emt 00:01:26]} Re8 {[%clk
00:22:29]} {[%emt 00:00:49]} 28. a3 {[%clk 00:33:40]} {[%emt 00:00:33]} Ba5
{[%clk 00:21:25]} {[%emt 00:01:10]} 29. b4 {[%clk 00:33:22]} {[%emt 00:00:22]}
Bc7 {[%clk 00:21:25]} {[%emt 00:00:06]} 30. bxc5 {[%clk 00:32:53]} {[%emt
00:00:32]} Nc6 {[%clk 00:21:16]} {[%emt 00:00:16]} 31. h4 {[%clk 00:31:57]}
{[%emt 00:01:00]} f4 {[%clk 00:20:49]} {[%emt 00:00:33]} 32. Bc1 {[%clk
00:30:58]} {[%emt 00:01:01]} fxg3 {[%clk 00:19:38]} {[%emt 00:01:19]} 33. fxg3
{[%clk 00:30:13]} {[%emt 00:00:31]} Rxe7 {[%clk 00:18:50]} {[%emt 00:01:12]}
34. hxg5 {[%clk 00:29:50]} {[%emt 00:00:26]} Bxg3 {[%clk 00:17:29]} {[%emt
00:01:28]} 35. gxh6 {[%emt 00:00:23]} Be5 {[%emt 00:00:27]} 36. h7 {[%clk
00:28:40]} {[%emt 00:00:24]} Bh8 {[%clk 00:17:27]} {[%emt 00:00:09]} 37. Rdg1
{[%clk 00:28:06]} {[%emt 00:00:37]} e3 {[%clk 00:16:22]} {[%emt 00:01:11]} 38.
Rg8+ {[%clk 00:27:44]} {[%emt 00:00:26]} Kc7 {[%clk 00:16:19]} {[%emt
00:00:09]} 39. Rxh8 {[%clk 00:27:35]} {[%emt 00:00:13]} e2 {[%clk 00:16:13]}
{[%emt 00:00:12]} 40. Rc8+ {[%clk 00:27:14]} {[%emt 00:00:25]} Kxc8 {[%clk
00:15:38]} {[%emt 00:00:41]} 41. h8=Q+ {[%clk 00:27:01]} {[%emt 00:00:16]} Kc7
{[%clk 00:15:28]} {[%emt 00:00:17]} 42. Qh2+ {[%clk 00:26:32]} {[%emt
00:00:31]} Kd7 {[%clk 00:14:58]} {[%emt 00:00:38]} 43. Qd6+ {[%clk 00:26:07]}
{[%emt 00:00:30]} Ke8 {[%clk 00:14:43]} {[%emt 00:00:20]} 44. Rh8+ {[%clk
00:25:52]} {[%emt 00:00:20]} Kf7 {[%clk 00:14:41]} {[%emt 00:00:08]} 45. Rh7+
{[%emt 00:00:32]} Kf8 {[%emt 00:00:11]} 46. Bh6+ {[%clk 00:24:02]} {[%emt
00:00:22]} Nb8 {[%emt 00:03:55]} 1-0

[Event "DVM U10 2020"]
[Site "Magdeburg GER"]
[Date "2021.08.07"]
[Round "5"]
[White "Middendorf, Sven-Jonas"]
[Black "Thümler, Floris"]
[Result "0-1"]
[Termination "normal"]
[Board "3.1"]
[WhiteElo "1407"]
[BlackElo "1315"]
[WhiteClock "00:00:10"]
[BlackClock "00:20:14"]
[WhiteTeam "SV Hellas Nauen e.V."]
[BlackTeam "SV Königsjäger Süd-West e.V."]
[PlyCount "126"]
[WhiteFideId "16287207"]
[BlackFideId "16296435"]
[EventCountry "GER"]
[EventRounds "7"]
[EventType "team-swiss"]
[EventDate "2021.08.06"]

1. e4 {[%clk 00:55:06]} {[%emt 00:00:03]} d6 {[%clk 00:54:49]} {[%emt
00:00:21]} 2. d4 {[%clk 00:55:03]} {[%emt 00:00:08]} Nf6 {[%clk 00:54:40]}
{[%emt 00:00:14]} 3. Nc3 {[%clk 00:54:58]} {[%emt 00:00:09]} g6 {[%clk
00:54:37]} {[%emt 00:00:10]} 4. f4 {[%clk 00:54:58]} {[%emt 00:00:04]} c5
{[%clk 00:54:24]} {[%emt 00:00:18]} 5. Nf3 {[%clk 00:54:39]} {[%emt 00:00:24]}
Bg4 {[%clk 00:53:55]} {[%emt 00:00:34]} 6. Bb5+ {[%clk 00:53:38]} {[%emt
00:01:06]} Nbd7 {[%clk 00:53:24]} {[%emt 00:00:36]} 7. Bc4 {[%clk 00:50:57]}
{[%emt 00:02:46]} Bxf3 {[%clk 00:52:19]} {[%emt 00:01:10]} 8. gxf3 {[%clk
00:50:26]} {[%emt 00:00:37]} cxd4 {[%clk 00:51:33]} {[%emt 00:00:50]} 9. Qxd4
{[%clk 00:48:36]} {[%emt 00:01:55]} Bg7 {[%clk 00:50:43]} {[%emt 00:00:56]} 10.
Be3 {[%clk 00:42:12]} {[%emt 00:06:29]} O-O {[%clk 00:49:50]} {[%emt 00:00:57]}
11. Qd3 {[%clk 00:39:14]} {[%emt 00:03:04]} Nc5 {[%clk 00:49:17]} {[%emt
00:00:37]} 12. Bxc5 {[%clk 00:39:05]} {[%emt 00:00:15]} dxc5 {[%clk 00:48:37]}
{[%emt 00:00:44]} 13. O-O-O {[%clk 00:38:00]} {[%emt 00:01:10]} a6 {[%clk
00:47:53]} {[%emt 00:00:49]} 14. Qxd8 {[%clk 00:36:37]} {[%emt 00:01:28]} Rfxd8
{[%clk 00:47:29]} {[%emt 00:00:29]} 15. e5 {[%clk 00:34:04]} {[%emt 00:02:38]}
Nh5 {[%clk 00:46:24]} {[%emt 00:01:10]} 16. Ne2 {[%clk 00:31:51]} {[%emt
00:02:18]} Bh6 {[%clk 00:45:42]} {[%emt 00:00:47]} 17. Rxd8+ {[%clk 00:26:42]}
{[%emt 00:05:14]} Rxd8 {[%clk 00:45:30]} {[%emt 00:00:17]} 18. Rd1 {[%clk
00:25:59]} {[%emt 00:00:49]} Rxd1+ {[%emt 00:00:35]} 19. Kxd1 {[%clk 00:25:57]}
{[%emt 00:00:04]} Nxf4 {[%clk 00:44:54]} {[%emt 00:00:13]} 20. Nxf4 {[%clk
00:24:42]} {[%emt 00:01:20]} Bxf4 {[%clk 00:44:06]} {[%emt 00:00:53]} 21. e6
{[%clk 00:24:41]} {[%emt 00:00:07]} f5 {[%clk 00:43:47]} {[%emt 00:00:23]} 22.
h3 {[%clk 00:23:48]} {[%emt 00:01:00]} Kg7 {[%clk 00:43:00]} {[%emt 00:00:51]}
23. a4 {[%clk 00:22:39]} {[%emt 00:01:14]} Be5 {[%clk 00:41:03]} {[%emt
00:02:02]} 24. b3 {[%clk 00:22:27]} {[%emt 00:00:17]} Bc3 {[%clk 00:40:15]}
{[%emt 00:00:51]} 25. Ke2 {[%clk 00:19:53]} {[%emt 00:02:41]} Kf6 {[%clk
00:38:45]} {[%emt 00:01:35]} 26. f4 {[%clk 00:18:14]} {[%emt 00:01:44]} h6
{[%clk 00:35:20]} {[%emt 00:03:30]} 27. h4 {[%clk 00:17:48]} {[%emt 00:00:31]}
Bd4 {[%clk 00:34:36]} {[%emt 00:00:48]} 28. Bd5 {[%clk 00:14:41]} {[%emt
00:03:12]} b5 {[%clk 00:33:41]} {[%emt 00:01:00]} 29. axb5 {[%clk 00:13:33]}
{[%emt 00:01:14]} axb5 {[%clk 00:33:27]} {[%emt 00:00:17]} 30. Kf3 {[%clk
00:13:02]} {[%emt 00:00:37]} Bc3 {[%clk 00:32:56]} {[%emt 00:00:36]} 31. Bc6
{[%clk 00:11:30]} {[%emt 00:01:37]} b4 {[%clk 00:32:42]} {[%emt 00:00:19]} 32.
Bd5 {[%clk 00:11:22]} {[%emt 00:00:13]} Be1 {[%clk 00:32:20]} {[%emt 00:00:27]}
33. h5 {[%clk 00:09:59]} {[%emt 00:01:29]} gxh5 {[%clk 00:31:59]} {[%emt
00:00:26]} 34. Kg2 {[%clk 00:09:37]} {[%emt 00:00:28]} h4 {[%clk 00:31:35]}
{[%emt 00:00:28]} 35. Kf3 {[%clk 00:06:57]} {[%emt 00:02:45]} h3 {[%clk
00:30:49]} {[%emt 00:00:50]} 36. Ke2 {[%clk 00:06:52]} {[%emt 00:00:10]} Bh4
{[%clk 00:30:20]} {[%emt 00:00:34]} 37. Kf3 {[%clk 00:06:16]} {[%emt 00:00:42]}
h5 {[%clk 00:29:49]} {[%emt 00:00:36]} 38. Ke2 {[%clk 00:05:20]} {[%emt
00:01:01]} Bg3 {[%clk 00:29:10]} {[%emt 00:00:44]} 39. Kf3 {[%clk 00:04:33]}
{[%emt 00:00:52]} h4 {[%clk 00:28:57]} {[%emt 00:00:18]} 40. Ke3 {[%clk
00:04:15]} {[%emt 00:00:22]} h2 {[%clk 00:28:23]} {[%emt 00:00:40]} 41. Bh1
{[%clk 00:03:48]} {[%emt 00:00:33]} Kxe6 {[%clk 00:28:03]} {[%emt 00:00:23]}
42. Kf3 {[%clk 00:03:30]} {[%emt 00:00:23]} Kd6 {[%clk 00:27:42]} {[%emt
00:00:26]} 43. Ke3 {[%clk 00:03:10]} {[%emt 00:00:26]} e5 {[%clk 00:27:21]}
{[%emt 00:00:24]} 44. fxe5+ {[%clk 00:02:56]} {[%emt 00:00:20]} Kxe5 {[%clk
00:27:12]} {[%emt 00:00:13]} 45. Kd3 {[%clk 00:02:53]} {[%emt 00:00:11]} Kf4
{[%clk 00:26:24]} {[%emt 00:00:52]} 46. Kc4 {[%clk 00:02:30]} {[%emt 00:00:28]}
Bf2 {[%clk 00:26:18]} {[%emt 00:00:10]} 47. c3 {[%clk 00:02:29]} {[%emt
00:00:06]} bxc3 {[%clk 00:25:54]} {[%emt 00:00:28]} 48. Kxc3 Kg3 {[%emt
00:00:21]} 49. Kd3 {[%clk 00:01:44]} {[%emt 00:00:30]} f4 {[%clk 00:24:47]}
{[%emt 00:01:12]} 50. Ke2 {[%clk 00:01:04]} {[%emt 00:00:45]} Bd4 {[%clk
00:24:39]} {[%emt 00:00:13]} 51. Ke1 {[%clk 00:00:38]} {[%emt 00:00:32]} Bg1
{[%clk 00:23:49]} {[%emt 00:00:54]} 52. Ke2 {[%clk 00:00:30]} {[%emt 00:00:14]}
h3 {[%clk 00:23:10]} {[%emt 00:00:42]} 53. Ke1 {[%clk 00:00:29]} {[%emt
00:00:08]} f3 {[%clk 00:23:00]} {[%emt 00:00:14]} 54. Kf1 {[%clk 00:00:32]}
{[%emt 00:00:02]} f2 {[%clk 00:22:50]} {[%emt 00:00:15]} 55. Ke2 {[%clk
00:00:35]} {[%emt 00:00:03]} Kf4 {[%clk 00:22:38]} {[%emt 00:00:17]} 56. Kf1
{[%clk 00:00:25]} {[%emt 00:00:15]} Ke5 {[%clk 00:22:11]} {[%emt 00:00:32]} 57.
Ke2 {[%clk 00:00:19]} {[%emt 00:00:11]} Kd4 {[%clk 00:22:07]} {[%emt 00:00:08]}
58. Kf1 {[%clk 00:00:24]} {[%emt 00:00:01]} Kc3 {[%clk 00:21:56]} {[%emt
00:00:16]} 59. Ke2 {[%clk 00:00:18]} {[%emt 00:00:11]} Kxb3 {[%clk 00:21:51]}
{[%emt 00:00:09]} 60. Bg2 {[%clk 00:00:15]} {[%emt 00:00:08]} hxg2 {[%clk
00:21:37]} {[%emt 00:00:19]} 61. Kd2 {[%clk 00:00:18]} {[%emt 00:00:03]} c4
{[%clk 00:20:54]} {[%emt 00:00:47]} 62. Ke2 {[%clk 00:00:06]} {[%emt 00:00:18]}
f1=Q+ {[%clk 00:20:42]} {[%emt 00:00:17]} 63. Kd2 {[%clk 00:00:10]} c3+ {[%clk
00:20:14]} {[%emt 00:00:26]} 64. Kd3 {[%emt 00:02:13]} 0-1

[Event "DVM U10 2020"]
[Site "Magdeburg GER"]
[Date "2021.08.07"]
[Round "5"]
[White "Schäfer, Benjamin"]
[Black "Barthel, Jacob"]
[Result "0-1"]
[Termination "normal"]
[Board "3.2"]
[WhiteElo "1364"]
[BlackElo "1321"]
[WhiteClock "00:12:21"]
[BlackClock "00:00:19"]
[WhiteTeam "SV Königsjäger Süd-West e.V."]
[BlackTeam "SV Hellas Nauen e.V."]
[PlyCount "76"]
[WhiteFideId "34616390"]
[BlackFideId "16273346"]
[EventCountry "GER"]
[EventRounds "7"]
[EventType "team-swiss"]
[EventDate "2021.08.06"]

1. e4 {[%clk 00:55:08]} {[%emt 00:00:02]} e5 {[%clk 00:55:05]} {[%emt
00:00:06]} 2. Nf3 {[%clk 00:55:04]} {[%emt 00:00:09]} Nc6 {[%clk 00:54:57]}
{[%emt 00:00:14]} 3. Bb5 {[%clk 00:54:56]} {[%emt 00:00:12]} a6 {[%clk
00:53:00]} {[%emt 00:02:02]} 4. Ba4 {[%clk 00:54:51]} {[%emt 00:00:10]} Nf6
{[%clk 00:52:33]} {[%emt 00:00:33]} 5. O-O {[%clk 00:54:26]} {[%emt 00:00:29]}
b5 {[%clk 00:51:36]} {[%emt 00:01:03]} 6. Bb3 {[%clk 00:54:16]} {[%emt
00:00:14]} Bc5 {[%clk 00:51:25]} {[%emt 00:00:16]} 7. d3 {[%clk 00:53:32]}
{[%emt 00:00:49]} O-O {[%clk 00:49:28]} {[%emt 00:02:02]} 8. Bg5 {[%clk
00:52:52]} {[%emt 00:00:44]} h6 {[%clk 00:45:27]} {[%emt 00:04:07]} 9. Bh4
{[%clk 00:51:03]} {[%emt 00:01:54]} Be7 {[%clk 00:44:57]} {[%emt 00:00:35]} 10.
Nc3 {[%clk 00:49:53]} {[%emt 00:01:15]} Na5 {[%clk 00:41:34]} {[%emt 00:03:27]}
11. Nxe5 {[%clk 00:47:10]} {[%emt 00:02:48]} d6 {[%clk 00:35:33]} {[%emt
00:06:07]} 12. Nf3 {[%clk 00:44:13]} {[%emt 00:03:01]} Bg4 {[%clk 00:32:51]}
{[%emt 00:02:47]} 13. Qe2 {[%clk 00:41:56]} {[%emt 00:02:22]} Nxb3 {[%clk
00:28:15]} {[%emt 00:04:42]} 14. axb3 {[%clk 00:40:20]} {[%emt 00:01:40]} b4
{[%clk 00:27:04]} {[%emt 00:01:17]} 15. Nd1 {[%clk 00:37:40]} {[%emt 00:02:45]}
Nd7 {[%clk 00:20:18]} {[%emt 00:06:51]} 16. Bxe7 {[%clk 00:35:47]} {[%emt
00:01:57]} Qxe7 {[%clk 00:20:10]} {[%emt 00:00:13]} 17. Ne3 {[%clk 00:35:09]}
{[%emt 00:00:44]} Bh5 {[%clk 00:19:06]} {[%emt 00:01:09]} 18. Nd5 {[%clk
00:33:54]} {[%emt 00:01:20]} Qd8 {[%clk 00:15:40]} {[%emt 00:03:31]} 19. Nf4
{[%clk 00:32:41]} {[%emt 00:01:18]} Bg4 {[%clk 00:14:20]} {[%emt 00:01:25]} 20.
h3 {[%clk 00:31:49]} {[%emt 00:00:57]} Be6 {[%clk 00:11:54]} {[%emt 00:02:30]}
21. d4 {[%clk 00:30:42]} {[%emt 00:01:13]} Nf6 {[%clk 00:09:12]} {[%emt
00:02:47]} 22. e5 {[%clk 00:28:41]} {[%emt 00:02:06]} dxe5 {[%clk 00:08:10]}
{[%emt 00:01:08]} 23. dxe5 {[%clk 00:28:23]} {[%emt 00:00:22]} Nd5 {[%clk
00:07:13]} {[%emt 00:01:02]} 24. Nxe6 {[%clk 00:27:05]} {[%emt 00:01:23]} fxe6
{[%clk 00:07:02]} {[%emt 00:00:16]} 25. Nd4 {[%clk 00:25:58]} {[%emt 00:01:13]}
Qd7 {[%clk 00:05:12]} {[%emt 00:01:55]} 26. Rxa6 {[%clk 00:25:16]} {[%emt
00:00:46]} Rxa6 {[%clk 00:04:57]} {[%emt 00:00:24]} 27. Qxa6 {[%clk 00:25:13]}
{[%emt 00:00:05]} Nf4 {[%clk 00:04:34]} {[%emt 00:00:27]} 28. Qc4 {[%clk
00:24:14]} {[%emt 00:01:03]} Qe7 {[%clk 00:04:13]} {[%emt 00:00:27]} 29. Kh2
{[%clk 00:23:32]} {[%emt 00:00:47]} Qg5 {[%clk 00:04:04]} {[%emt 00:00:15]} 30.
g3 {[%clk 00:22:46]} {[%emt 00:00:50]} Nh5 {[%clk 00:02:59]} {[%emt 00:01:10]}
31. Nxe6 {[%clk 00:22:30]} {[%emt 00:00:21]} Rxf2+ {[%clk 00:02:23]} {[%emt
00:00:42]} 32. Rxf2 {[%clk 00:21:15]} {[%emt 00:01:19]} Qxg3+ {[%clk 00:02:19]}
{[%emt 00:00:08]} 33. Kh1 {[%clk 00:21:11]} {[%emt 00:00:10]} Qxf2 {[%clk
00:00:13]} {[%emt 00:02:12]} 34. Ng5+ {[%clk 00:19:47]} {[%emt 00:01:29]} Kh8
{[%clk 00:00:07]} {[%emt 00:00:10]} 35. Nf7+ {[%clk 00:19:32]} {[%emt
00:00:19]} Kh7 {[%clk 00:00:08]} {[%emt 00:00:05]} 36. Qd3+ {[%clk 00:00:00]}
{[%emt 00:01:51]} g6 {[%clk 00:00:15]} {[%emt 00:00:37]} 37. Ng5+ {[%clk
00:12:36]} {[%emt 00:05:23]} hxg5 {[%clk 00:00:19]} {[%emt 00:00:02]} 38. Qd7+
{[%clk 00:12:21]} {[%emt 00:00:20]} Kh6 {[%emt 00:01:18]} 0-1